| 000 | 00732nam a2200217 a 4500 | ||
|---|---|---|---|
| 001 | 000026999 | ||
| 005 | 20200930030535.0 | ||
| 008 | 110328s1997 dr ac 000 0 spa d | ||
| 040 |
_aDO-SdBNP _bspa _cBNPHU |
||
| 082 |
_a770.232 _bG216t |
||
| 100 | 1 |
_aGarcía, Wilfredo, _d1935-1988. _954098 |
|
| 245 | 1 | 3 |
_aEl testamento de plata / _cWilfredo García. |
| 260 |
_aSanto Domingo : _bCorripio, _c1997. |
||
| 300 |
_a164 p. : _bil., retrs. ; _c28 cm. |
||
| 590 | _aInventariado, 2018/LP | ||
| 650 | 4 |
_aFotográfos dominicanos _954099 |
|
| 650 | 4 |
_aFotografía documental _xExposiciones _954100 |
|
| 650 | 4 |
_aFotografía artística _943005 |
|
| 650 | 4 |
_aArte dominicano _xExposiciones _954101 |
|
| 910 | _aValidado. Control de calidad EMS | ||
| 999 |
_c26491 _d26491 |
||